Nasib anak Rusa Nani

Bibliographic Details
Main Author: Zarinah Ismail
Format: Book
Published: Selangor : Penerbitan Zamzam , 2014
Series:Siri adikku lancar membaca
Subjects:

MARC

LEADER 00000cam a2200000 7i4500
001 0000042946
005 20220105104137.0
008 141031
020 |a 9789670635040 (set) 
020 |a 9789670635088 
090 0 0 |a JP   |b EL MAL 
100 0 |a Zarinah Ismail 
245 1 0 |a Nasib anak Rusa Nani   |c Zarinah Ismail 
260 |a Selangor :   |b Penerbitan Zamzam ,   |c 2014 
440 |a Siri adikku lancar membaca 
500 |a Children age 4-6 years old (yellow) 
650 0 |a Animal   |x Fiction 
650 0 |a Malay Fiction 
999 |a 0001287551   |b Book   |c Children Collection   |e Cawangan AEON Kulaijaya 
999 |a 0001287552   |b Book   |c Children Collection   |e Cawangan Segamat 
999 |a 0001287554   |b Book   |c Children Collection   |e Cawangan Bukit Gambir 
999 |a 0001287555   |b Book   |c Children Collection   |e Cawangan Mersing 
999 |a 0001287557   |b Book   |c Children Collection   |e Cawangan Bandar Tenggara 
999 |a 0001287560   |b Book   |c Children Collection   |e Cawangan Urban Transformation Centre 
999 |a 0001287561   |b Book   |c Children Collection   |e Cawangan Taman Sri Lambak 
999 |a 0001287565   |b Book   |c Children Collection   |e Cawangan Tmn. Ungku Tun Aminah